Score 0/48 Timer 04:00
1 Play Today
% Correct
Spot
90.3%
Pots
90.2%
Post
86.8%
Woodwinds
84.6%
Strings
84%
Manila
81.3%
Percussion
81.2%
Macbeth
81%
New Delhi
80.8%
Matt LeBlanc
80.8%
Lisa Kudrow
80.1%
Courteney Cox
79.8%
Scandium
77.5%
Sulfur
77.4%
Opts
76.4%
Germany
76.1%
Jennifer Aniston
75.7%
John
75.6%
USA
74.9%
W. Wilson
74.3%
Brass
73.5%
Luke
71.8%
Jakarta
71.5%
The Beatles (White Album)
71.3%
% Correct
Hamlet
70.9%
Mark
69.7%
W.H. Taft
69.3%
Tokyo
68.2%
Silicon
66.2%
T. Roosevelt
65.8%
Whiskey
65.8%
Matthew
65.7%
X-ray
63.6%
Yellow Submarine
61.7%
Switzerland
60.4%
Yankee
57.7%
Zulu
55.4%
France
52.8%
Abbey Road
52.2%
Sodium
48%
The Departed
35.1%
W. McKinley
31.5%
Dances with Wolves
29.9%
Let It Be
27.1%
Driving Miss Daisy
20.8%
Cymbeline
18%
Coriolanus
15.8%
The Deer Hunter
13.3%
Remove Ads.
Support Sporcle.
Get the best of Sporcle when you Go Orange. This ad-free experience offers more features, more stats, and more fun while also helping to support Sporcle. Thank you for becoming a member.

You're not logged in!

Compare scores with friends on all Sporcle quizzes.
OR
Log In

Show Comments

Extras

Top Quizzes Today


Score Distribution

Your Account Isn't Verified!

In order to create a playlist on Sporcle, you need to verify the email address you used during registration. Go to your Sporcle Settings to finish the process.

Report this User

Report this user for behavior that violates our Community Guidelines.

Details: